Statistics for Supernatural Season 2 Quiz

Click here to take the quiz!

General Stats

  • This quiz has been taken 160 times
    (141 since last reset)
  • The average score is 13 of 35

Answer Stats

HintAnswer% Correct
Who died at the end of "In My Time of Dying"?John Winchester
89%
True or False: Jared actually hurt himself filming "Children Shouldn't Play With Dead Things".True
89%
Is Maggie alive in "Playthings"?No
84%
Who is Gordon trying to kill in "Hunted"?Sam
73%
What hunter makes his debut in "Bloodlust"?Gordon
71%
Who are the mother and daughter introduced in "Everybody Loves a Clown"?Ellen and Jo Harvelle
65%
Who dies at the end of "All Hell Breaks Loose-Part One"?Sam
60%
Who is Sam engaged to in "What Is And What Should Never Be"?Jessica
59%
What is Croatoan?A virus
51%
In "Simon Said", Sam meets another special child, like him. What is his name?Andy Gallagher
46%
What is opened in "All Hell Breaks Loose-Part Two"?A hell gate
44%
What is the monster in "What Is And What Should Never Be"?Djinn
43%
Who's first appearance is in "Tall Tales"?Gabriel
43%
How long does Dean get before he dies?One year
43%
What song plays at the beginning of "All Hell Breaks Loose-Part Two"?Carry On My Wayward Son
39%
Finish the quote: "You're bossy. __________"And short
35%
What is the name of the werewolf Sam falls in love with in "Heart"?Madison
35%
Who does Sam meet again in "All Hell Breaks Loose-Part One"?Ava
33%
Why does Sam go into the store in "All Hell Breaks Loose-Part One"?Dean wants pie
33%
What city to Sam and Dean go to in "Hollywood Babylon"?Hollywood
32%
What does Dean do in "All Hell Breaks Loose-Part Two" as a result of the episode twenty-one death?Sells his soul
30%
What supernatural beings are the focus of "Roadkill"?Ghosts
28%
Where to Sam and Dean go in "Folsom Prison Blues"?Jail
28%
How did John die?Sold his soul to save Dean
26%
What monster returns in "Nightshifter"?Shapeshifters
23%
What is Dean's girlfriend's name in "What Is And What Should Never Be"?Carmen
18%
Finish the quote: "How certain are you that what you brought back is 100% pure Sam? You of all people should know that _________________"What's dead should stay dead
17%
What serial killer's ghost do the boys face in "No Exit"?H.H. Holmes
16%
Finish the quote: "It's not food anymore Dean, _____________"It's Darwinism
15%
In "Houses of the Holy", Sam believes an angel are coming to people when in reality, what is it?A demon
14%
What is the monster in "The Usual Suspects"?A Death Omen
11%
Finish the quote: "Hey, see if they've got any pie. Bring me some pie ___________________"Love me some pie
11%
Who is Sam killing in "Born Under A Bad Sign"?Hunters
8%
Why are all the twenty-three year olds in the same place?They are "special children"
5%
Finish the quote: "Sam, you seem like a good kid. It's not your fault Dean's your brother. _____________"We can't pick our family
4%

Score Distribution

Percentile by Number Answered

Percent of People with Each Score

Your Score History

You have not taken this quiz since the last reset